000
00294nam a22001337a 4500
020
_a
978-81-264-5236-1
082
_a
894.812
_b
SIV/S
100
_a
PROF.S.SHIVADAS
245
_a
SCIENCE ACTIVITY BANK
260
_a
TRICHUR
_b
DC BOOKS
300
_a
326
650
_a
REFERNCE
_z
KERALA
942
_c
BK
999
_c
1143
_d
1143